000 00262nam a2200121 i 4500
001 bg
245 0 _aPrace Instytutu Elektroniki 2.
260 _aRzeszów,
_c1978.
040 _cBPK
041 _apol
942 _cKS
008 s pl f |000 0 pol
999 _c18901
_d18901
856 _uhttp://koha.tu.koszalin.pl/cgi-bin/koha/opac-detail.pl?biblionumber=18901
_yKatalog online BPK